| 000 | 00936cam a22003137a 4500 | ||
|---|---|---|---|
| 003 | CHAP | ||
| 005 | 20220329143043.0 | ||
| 008 | 051108d2003 es a r 00110 spa d | ||
| 010 | _a91269 | ||
| 011 | _a92241 | ||
| 020 | _a8441516103 | ||
| 035 | _a102805 | ||
| 040 | _cCHAP | ||
| 082 | 0 | 4 |
_a001.6424 _bC9 |
| 100 | 0 | 0 |
_aCharte Ojeda, Francisco. _921995 |
| 245 | 1 | 0 |
_aMicrosoft excel _c/por Francisco Charte Ojeda |
| 260 |
_aMadrid : _bAnaya Multimedia , _c2003 |
||
| 300 | _a352 p. : | ||
| 590 |
_aBATCH-UPD _b10 _c20130110 _lUCH01 _h0832 |
||
| 590 |
_aBATCH-UPD _b10 _c20130410 _lUCH01 _h0510 |
||
| 590 |
_aBATCH-UPD _b10 _c20130914 _lUCH01 _h1336 |
||
| 590 |
_aCONVERSION _b10 _c20130109 _lUCH01 _h1351 |
||
| 650 | 1 | 4 |
_aExcel. _939029 |
| 650 | 1 | 4 |
_aHojas de cálculo. _955865 |
| 901 | _aBK | ||
| 905 | _aElisama A. H. | ||
| 942 | _cLIBRO | ||
| 949 |
_a001.6424 C9 _bBC _cLIBRO _d33724000966750 _eLIBRO _gI.c/e _h106964 _i102805 _si _t$150.00 |
||
| 999 |
_c91269 _d91269 |
||